Odd Future/OFWGKTA Albums/Mixtapes - Statistics

General Stats
  • This quiz has been taken 8 times
  • The average score is 12 of 32
Answer Stats
Year Artist Album % Correct
2009 Tyler, The Creator Bastard
100%
2012 Frank Ocean channel ORANGE
100%
2015 Tyler, The Creator Cherry Bomb
100%
2013 Tyler, The Creator Wolf
100%
2011 Tyler, The Creator Goblin
86%
2013 Earl Sweatshirt Doris
71%
2010 Earl Sweatshirt Earl
71%
2008 OFWGKTA The Odd Future Tape
71%
2011 Frank Ocean nostalgia, ULTRA.
57%
2011 OFWGKTA 12 Odd Future Songs
43%
2009 Hodgy Beats The Dena Tape
43%
2012 OFWGKTA The OF Tape Vol. 2
43%
2013 MellowHigh MellowHigh
29%
2012 Domo Genesis & Alchemist No Idols
29%
2010 OFWGKTA Radical
29%
2010 Domo Genesis Rolling Papers
29%
2010 MellowHype YelloWhite
29%
2012 Trash Talk 119
14%
2010 Mike G Ali
14%
2010 MellowHype BlackenedWhite
14%
2015 The Internet Ego Death
14%
2013 The Internet Feel Good
14%
2016 Domo Genesis Genesis
14%
2010 The Jet Age of Tomorrow Journey to the 5th Echelon
14%
2014 Trash Talk No Peace
14%
2012 MellowHype Numbers
14%
2011 The Internet Purple Naked Ladies
14%
2013 The Jet Age of Tomorrow The Jellyfish Mentality
14%
2011 Domo Genesis Under the Influence
14%
2013 Mike G Verses
14%
2010 The Jet Age of Tomorrow Voyager
14%
2016 Hodgy Fireplace: TheNotTheOtherSide
0%
No matching quizzes found
Score Distribution
Percent of People with Each Score
Percentile by Number Answered
Your Score History
You have not taken this quiz